00329nam a2200121Ia 4500008004000000020001800040082001600058100003800074245002800112250000500140260004600145300001600191210210b2001 xxu||||| |||| 00| 0 eng d a81 88325 00 7 a820.33 ARCT aARCHIE. Psued Achary, N Bhaskara. aTentacles of God. Ed 1. a aKoteshwara.bN R A M H Prakashana.,c2001 axi,342,xxiv